| 000 | 00570nam a22001937a 4500 | ||
|---|---|---|---|
| 005 | 20150124131554.0 | ||
| 008 | 140903t mx||||| |||| 00| 0 spa d | ||
| 020 | _a9786077792000 | ||
| 050 | 0 | 4 |
_aK230 _bG66 2009 |
| 100 | 1 | _aGómez Gallardo, Perla | |
| 245 | 1 | 0 |
_aFilosofía del derecho / _cPerla Gómez Gallardo. |
| 250 | _a2a ed. | ||
| 260 |
_aMéxico : _bIURE Editores, _cr2009 |
||
| 300 |
_axxv, 276 p. : _bil. ; _c23 cm. |
||
| 490 | 0 | _aTextos jurídicos | |
| 504 | _aIncluye bibliografía e índice | ||
| 650 | 7 |
_2LEMB _aFilosofía del derecho |
|
| 942 |
_2lcc _cLIB |
||
| 999 |
_c77780 _d77780 |
||